000 00524nam a2200145Ia 4500
008 151213s9999 xx 000 0 und d
100 _aজে. আইজ্যাকস।
245 _aআধুনিক কাব্যের পটভূমি।
_cজে. আইজ্যাকস।
260 _aঢাকা
_bবাংলা একাডেমী॥
_c1982
300 _a8752 p.
650 _aBangla
650 _aকাব্যগ্রন্থ।
700 _aজে. আইজ্যাকস।
999 _c4537
_d4537